LEADER 01316nam a2200301 i 4500 001 000000079841 003 CaOOAMICUS 005 20170516000000.0 008 170516s1994 it u000 u ita u 013 $a52079 020 $a88-311-4388-3 040 $aSeMil$bita 100 1 $aMorotti, Giuseppe .$0(OLS)http://semarc/name/77849 245 10$aContemplativi nel proprio Nazareth :$bSpello parla ai giovani /$cGiuseppe Morotti ; Postfazione di Gian Carlo Sibilia. 260 $aRoma :$bCittà Nuova,$c1994. 300 $a109 p. ;$c20 cm. 490 0 $aMeditazioni 650 4$aSpello.$0(OLS)http://semarc/subject/6835 650 4$aGiovani - Meditazioni.$0(OLS)http://semarc/subject/18827 650 4$aPiccoli Fratelli del Vangelo.$0(OLS)http://semarc/subject/29625 700 1 $aSibilia, Gian Carlo.$0(OLS)http://semarc/name/46550 830 0$aMeditazioni.$0(OLS)http://semarc/title/6156 850 $aSeMil 852 $aSeMil$W1$xVenegono$y1$m3F IV 106$j45467$B45467$CSeMilBibl$Z2$F47438 $81 961 $aLascito: Coronelli don Renato 996 $6020$a88-311-4388-3$9(OLS)http://semarc/number/270639 996 $6245$aContemplativi nel proprio Nazareth :$bSpello parla ai giovani$9(OLS)http://semarc/title/403679 996 $6260$aRoma :$bCittà Nuova$9(OLS)http://semarc/publisher/29609 LEADER 01028nas a2200241 i 4500 001 000000219286 003 CaOOAMICUS 005 20150203000000.0 008 130318b2013 it uu u0 0ita r 013 $a198183 040 $aSeMil$bita 245 10$a[2013]. 260 $aBergamo :$bEd. Carrara,$ccopyr. 2013. 300 $a1 v. (varie sequenze) :$bnotazione musicale ;$c31 cm. 774 0 $aAutori Vari$tFogli sparsi di Quaresima e Pentecoste. - 63 p. - Num. 5302 delle Ed. Carrara. - In copertina.$w()278807 774 0 $aAutori Vari$tQuatuor per la liturgia. - 28 p. - Num. 5303 delle Ed. Carrara. - In copertina.$w()279401 774 0 $aBianchi, Italo$tQuaresima.$w()280270 774 0 $aAutori Vari$tGraduale Semplice.$w()280764 850 $aSeMil 852 $aSeMil$W1$xVenegono$y1$m91 6 43$j169651$B169651$CSeMilBibl$Z2$F199616 $85 961 $aAbbonamento: Carrara Ed. 996 $6245$a[2013]$9(OLS)http://semarc/title/311212 996 $6260$aBergamo :$bEd. Carrara$9(OLS)http://semarc/publisher/30551